| 000 | 00846nam a22002771 4500 | ||
|---|---|---|---|
| 001 | 18421 | ||
| 003 | BD-RjUL | ||
| 005 | 20211209000300.0 | ||
| 008 | 160625s1966 enk 001 0 eng | ||
| 035 | _a(BD-RjUL)18479 | ||
| 035 | _a(OCoLC)250909 | ||
| 040 |
_aDLC _cODaWU _dOCoLC _dUk _dDLC _dBD-RjUL _beng |
||
| 041 | _aeng | ||
| 082 |
_a332.42 _bHAR 1966 |
||
| 100 | 1 |
_aHarrod, Roy, _d1900-1978. _96081 |
|
| 245 | 1 | 0 |
_aReforming the world's money / _cRoy Harrod. |
| 260 |
_aLondon : _bMacmillan, _aNew York : _bSt. Martin's Press, _cc1965 [Reprinted 1966]. |
||
| 300 |
_aviii, 181 p. ; _c23 cm. |
||
| 504 | _aIncludes index. | ||
| 610 | 2 | 0 |
_aInternational Monetary Fund. _9117060 |
| 650 | 0 |
_aMonetary policy. _956759 |
|
| 650 | 0 |
_aCurrency question. _956760 |
|
| 650 | 0 |
_aForeign exchange. _956761 |
|
| 942 |
_2ddc _cBK |
||
| 999 |
_c18421 _d18421 |
||